5 capitales du monde sur une carte en 25 secondes - Statistiques

Statistiques générales
  • Ce quiz a été pris 449 fois
  • Le résultat moyen est 3 sur 5
Réponses sur la Carte
Les réponses sont colorées sur une échelle allant du rouge au vert en fonction du pourcentage des utilisateurs qui les ont devinées à leur premier essai. Vous pouvez retrouver ces pourcentages ci-dessous.
 
Statistiques - réponses
capitale % Correct
Abou Dabi
100%
Achgabat
100%
Alger
100%
Amsterdam
100%
Ankara
100%
Asmara
100%
Athènes
100%
Bagdad
100%
Bandar Seri Begawan
100%
Bangkok
100%
Belmopan
100%
Berlin
100%
Berne
100%
Canberra
100%
Caracas
100%
Djouba
100%
Doha
100%
Dublin
100%
Erevan
100%
Guatemala
100%
Hanoï
100%
Helsinki
100%
Jérusalem
100%
Katmandou
100%
Kiev
100%
La Paz ou Sucre
100%
Le Caire
100%
Libreville
100%
Lima
100%
Lisbonne
100%
Londres
100%
Madrid
100%
Malé
100%
Manille
100%
Mexico
100%
Monaco
100%
Monrovia
100%
Moscou
100%
Nairobi
100%
New Delhi
100%
Nicosie
100%
Nouakchott
100%
Oslo
100%
Ottawa
100%
Panama
100%
Paramaribo
100%
Paris
100%
Podgorica
100%
Port-au-Prince
100%
Port-Vila
100%
Rabat
100%
Rome | Vatican
100%
Séoul
100%
Sofia
100%
Suva
100%
Téhéran
100%
Tirana
100%
Tunis
100%
Varsovie
100%
Vilnius
100%
Washington
100%
Wellington
100%
Yaoundé
100%
Zagreb
100%
Bruxelles
86%
Budapest
86%
Bamako
83%
Pretoria, Le Cap, ou Bloemfontein
83%
Abuja
80%
Antananarivo
80%
Djibouti
80%
Vienne
80%
Islamabad
75%
Montevideo
75%
Ouagadougou
75%
Prague
75%
Riyad
75%
Santiago
75%
Sarajevo
75%
Tokyo
75%
Tripoli
75%
Beyrouth
67%
Copenhague
67%
Georgetown
67%
Koweït
67%
Mascate
67%
Minsk
67%
Mogadiscio
67%
Niamey
67%
Pékin
67%
Praia
67%
Riga
67%
Taipei
67%
Andorre-la-Vieille
60%
Nassau
60%
Noursoultan
60%
Freetown
57%
Accra
50%
Amman
50%
Bakou
50%
Belgrade
50%
Brasilia
50%
Bratislava
50%
Dakar
50%
Damas
50%
Dodoma
50%
Gitega
50%
Kaboul
50%
Khartoum
50%
Kinshasa
50%
Lilongwe
50%
Luxembourg
50%
Naypyidaw
50%
Ndjamena
50%
Nukuʻalofa
50%
Oulan-Bator
50%
Pristina
50%
Pyongyang
50%
Saint-Marin
50%
San Salvador
50%
Skopje
50%
Stockholm
50%
Yamoussoukro
50%
Tbilissi
43%
Brazzaville
40%
Bucarest
40%
La Valette
40%
Manama
40%
Phnom Penh
40%
Roseau
40%
Addis-Abeba
33%
Bangui
33%
Maputo
33%
Port-Louis
33%
Sao Tomé
33%
Mbabane
25%
Port-d'Espagne
25%
Sanaa
25%
Vaduz
25%
Banjul
17%
Port Moresby
17%
Apia
0%
Asunción
0%
Basseterre
0%
Bichkek
0%
Bissau
0%
Bogotá
0%
Bridgetown
0%
Buenos Aires
0%
Castries
0%
Chișinău
0%
Colombo
0%
Conakry
0%
Dacca
0%
Dili
0%
Douchanbé
0%
Funafuti
0%
Gaborone
0%
Harare
0%
Honiara
0%
Jakarta
0%
Kampala
0%
Kigali
0%
Kingston
0%
Kingstown
0%
Kuala Lumpur
0%
La Havane
0%
Ljubljana
0%
Lomé
0%
Luanda
0%
Lusaka
0%
Majuro
0%
Malabo
0%
Managua
0%
Maseru
0%
Moroni
0%
Ngerulmud
0%
Palikir
0%
Porto-Novo ou Cotonou
0%
Quito
0%
Reykjavik
0%
Saint-Domingue
0%
Saint George's
0%
Saint John's
0%
San José
0%
Singapour
0%
Tachkent
0%
Tallinn
0%
Tarawa
0%
Tegucigalpa
0%
Thimphou
0%
Victoria
0%
Vientiane
0%
Windhoek
0%
Yaren
0%
Aucun quiz correspondant
Distribution des résultats
% des personnes avec chaque résultat
Percentile par nombre de réponses
Votre historique - résultats
Vous n’avez pas pris ce quiz